La cuestión social en las Antillas españolas / (Record no. 163826)

MARC details
000 -LEADER
campo de control de longitud fija 00624nam a2200181 i 4500
001 - NÚMERO DE CONTROL
campo de control 163826
003 - IDENTIFICADOR DE NÚMERO DE CONTROL
campo de control ES-MaACL
005 - FECHA Y HORA DE LA ÚLTIMA TRANSACCIÓN
campo de control 20250801084122.0
008 - DATOS DE LONGITUD FIJA--INFORMACIÓN GENERAL
campo de control de longitud fija 931025s1871 sp |||| | spa d
100 1# - ENTRADA PRINCIPAL--NOMBRE DE PERSONA
Nombre de persona Rodriguez San Pedro, Joaquín.
9 (RLIN) 131930
245 13 - MENCIÓN DEL TÍTULO
Título La cuestión social en las Antillas españolas /
Mención de responsabilidad, etc. por D. J.R.S.P.
260 ## - PUBLICACIÓN, DISTRIBUCIÓN, ETC.
Lugar de publicación, distribución, etc. Madrid :
Nombre del editor, distribuidor, etc. [s.n.],
Fecha de publicación, distribución, etc. 1871 (
Fabricante Imp. de Manuel Minuesa)
300 ## - DESCRIPCIÓN FÍSICA
Extensión 55 p. ;
Dimensiones 21 cm.
650 #4 - PUNTO DE ACCESO ADICIONAL DE MATERIA--TÉRMINO DE MATERIA
Término de materia o nombre geográfico como elemento de entrada Esclavitud-
Subdivisión geográfica Cuba.
9 (RLIN) 138905
650 #4 - PUNTO DE ACCESO ADICIONAL DE MATERIA--TÉRMINO DE MATERIA
Término de materia o nombre geográfico como elemento de entrada Esclavitud-
Subdivisión geográfica Puerto Rico
9 (RLIN) 12363
852 ## - LOCALIZACIÓN
Ubicación ES-MaACL
Número de control de estantería T-616-F-6
Nota libre - Enc. hol.
-- - Enc. en un vol. facticio
Holdings
Estatus retirado Estado de pérdida Estado de daño No para préstamo Colección Biblioteca de origen Biblioteca actual Ubicación en estantería Fecha de adquisición Total de préstamos Signatura topográfica completa Código de barras Visto por última vez Precio de reemplazo Tipo de ítem Koha
        Colección de folletos Biblioteca del Ateneo de Madrid Biblioteca del Ateneo de Madrid Depósito folletos 17/01/2008   T-616-F-6 1171689 23/02/2023 23/02/2023 Folleto